Accidentes del trabajo en la industria (Record no. 20505)

MARC details
000 -LEADER
campo de control de longitud fija 00526nam a2200145 i 4500
001 - NÚMERO DE CONTROL
campo de control 20505
003 - IDENTIFICADOR DE NÚMERO DE CONTROL
campo de control ES-MaACL
005 - FECHA Y HORA DE LA ÚLTIMA TRANSACCIÓN
campo de control 20230906152321.0
007 - CAMPO FIJO DE DESCRIPCIÓN FÍSICA--INFORMACIÓN GENERAL
campo de control de longitud fija t|
008 - DATOS DE LONGITUD FIJA--INFORMACIÓN GENERAL
campo de control de longitud fija 021113s1946 sp ||||1| spa d
245 00 - MENCIÓN DEL TÍTULO
Título Accidentes del trabajo en la industria
Resto del título Decreto de 8 de octubre de 1932, conocido también con el nombre de Ley, y Reglamento para su aplicación de 31 de enero de 1933.
260 ## - PUBLICACIÓN, DISTRIBUCIÓN, ETC.
Lugar de publicación, distribución, etc. Madrid :
Nombre del editor, distribuidor, etc. Edit. García Enciso,
Fecha de publicación, distribución, etc. 1946 (
Fabricante Iselán)
300 ## - DESCRIPCIÓN FÍSICA
Extensión 135 p. ;
Dimensiones 15 cm.
852 ## - LOCALIZACIÓN
Ubicación ES-MaACL
Número de control de estantería 1871-F-12
Sublocalización o colección R.23092
Holdings
Estatus retirado Estado de pérdida Estado de daño No para préstamo Colección Biblioteca de origen Biblioteca actual Ubicación en estantería Fecha de adquisición Fuente de adquisición Total de préstamos Signatura topográfica completa Código de barras Visto por última vez Precio de reemplazo Tipo de ítem Koha
        Colección de folletos Biblioteca del Ateneo de Madrid Biblioteca del Ateneo de Madrid Depósito folletos 17/01/2008     1871-F-12 1021052 23/02/2023 23/02/2023 Folleto